00642cam a22002297a 4500001001000000003000500010005001700015008004100032010001000073011001000083035001000093040000900103100003300112245006000145260006600205300002100271490003400292500001800326650001800344650001700362830003300379000053058CHAP20220817042658.0971013s1974 r 00010 d a51995 a52967 a57117 cCHAP00aSánchez Colín, Salvador.13aLa CONAFRUT y el Simposio Internacional de Viticultura. aMéxico, D.F. :bComisión Nacional de Fruticultura,c1974. a18 p. :b: ilus.1 aSerie especial: Folletov; 16 ac.4 en bodega14aFruticultura.14aViticultura.0 aSerie especial Folletov; 16